| 000 | 00866cam a2200277 a 4500 | ||
|---|---|---|---|
| 001 | 1879 | ||
| 005 | 20231018151232.0 | ||
| 020 | _a9780590224994 | ||
| 040 |
_aDLC _cDLC _dDLC _beng |
||
| 050 | 0 | 0 |
_aPZ7.B1688 _bWj 1994 |
| 082 | 0 | 0 |
_a[E] _220 |
| 100 | 1 |
_aBaker, Alan, _d1951- |
|
| 245 | 1 | 0 |
_aWhite Rabbit's color book / _cAlan Baker. |
| 250 | _a1st American ed. | ||
| 260 |
_aNew York : _bKingfisher Books, _c1994. |
||
| 300 |
_a24 unnumbered pages : _bcolor illustrations ; _c21 x 25 cm. |
||
| 490 | 1 |
_aLittle rabbit books ; _v[4] |
|
| 505 | _aF | ||
| 520 | _aWhite Rabbit hops from one paint pot to another, changing colors as he goes, until he ends up brown. | ||
| 521 |
_a330
_bLexile |
||
| 521 |
_aF
_bRaz-Plus |
||
| 650 | 1 |
_aColor _xFiction. |
|
| 650 | 1 |
_aRabbits _xFiction. |
|
| 906 |
_a7 _bcbc _corignew _d1 _eocip _f19 _gy-gencatlg |
||
| 942 |
_2ddc _cBK _n0 |
||
| 999 |
_c1879 _d1879 |
||